| 000 | 00821nam a2200265 i 4500 | ||
|---|---|---|---|
| 001 | 106622 | ||
| 003 | ES-MaACL | ||
| 005 | 20230906184223.0 | ||
| 007 | t| | ||
| 008 | 061211s1996 fr ||||1| fre d | ||
| 020 | _a2-951-000-5 | ||
| 080 | _a323.13(=411.16) | ||
| 080 | _a9(=411.16:4)"1939/45" | ||
| 080 | _a327.5(569.4) | ||
| 100 | 1 |
_aGaraudy, Roger. _953935 |
|
| 245 | 1 | 4 |
_aLes mythes fondateurs de la politique israélienne / _cRoger Garaudy. |
| 260 |
_a[S.l.] : _bSamiszdat, _c1996. |
||
| 300 |
_a277 p. ; _c23 cm. |
||
| 500 | _aBiblioteca Jacinto Martínez Lacalle. | ||
| 650 | 1 | 4 |
_aSionismo. _917129 |
| 650 | 4 |
_aJudíos- _zEuropa- _y1939-1945. _913988 |
|
| 650 | 0 | 4 |
_aNuremberg, Proceso de, 1945-1946. _915649 |
| 651 | 4 |
_aIsrael- _xPolítica y gobierno. _98859 |
|
| 852 |
_aES-MaACL _jE-11437 _bR.139075 |
||
| 999 |
_c106622 _d106622 |
||